000
00217nam a2200097Ia 4500
008
240331s9999 xx 000 0 und d
082
_b
THO
100
_a
Thompson, F, H
245
0
_a
Jude the obscure :
_b
notes
942
_c
L
999
_c
3206
_d
3206